La base de pruebas nucleares /

Desastre atómico en las islas Bikini. Experimentación con energía nuclear de los EEUU. Proceso de radiación posterior. Testimonio de los pobladores afectados. Cambios en la alimentación. Contaminación radiológica.

Guardado en:
Autor Corporativo: National Geographic.
Formato: Deslizar
Series:Los especiales de la National Geographic
Materias:
Etiquetas: Agregar Etiqueta
Sin Etiquetas, Sea el primero en etiquetar este registro!
LEADER 01080ngm a22002775g 4500
001 CEM.cems021380
008 130507b1992##################0###0#####d
005 20240819201630.0
245 0 0 |a La base de pruebas nucleares /  |c National Geographic. 
300 |a 20 
490 0 |a Los especiales de la National Geographic 
500 |a En soporte VHS, consultar en ventanilla. 
520 |a Desastre atómico en las islas Bikini. Experimentación con energía nuclear de los EEUU. Proceso de radiación posterior. Testimonio de los pobladores afectados. Cambios en la alimentación. Contaminación radiológica. 
538 |a Soporte: VHS - Norma: Pal N - Color - Grabación Drd 1992 - Hitachi:2100 
110 2 |a National Geographic. 
082 5 7 |. 5/VID-1 
653 |a ECOLOGIA 
653 |a ENERGIA NUCLEAR 
653 |a RADIACION 
653 |a CONTAMINACION 
653 |a ISLAS BIKINI 
653 |a NUCLEAR 
653 |a DESASTRE ATOMICO 
653 |a NIVEL PRIMARIO 
653 |a NIVEL SECUNDARIO 
859 |a CEMS  |b BIB. CEMS - Depto. Recursos Didacticos  |h 574.5  |i VID-1  |k DRD  |p 23.12  |t Ej.1